Statistics for Ciara Charting Songs (Billboard Hot 100)

Click here to take the quiz!

General Stats

  • This quiz has been taken 8 times
  • The average score is 12 of 21

Answer Stats

AlbumWeeks OnPeakArtist(s)Song% Correct
Goodies39 Weeks#2Ciara ft. Missy Elliott1, 2 Step
100%
Goodies38 Weeks#1 (7 Weeks)Ciara ft. Petey PabloGoodies
83%
Goodies23 Weeks#2Ciara ft. LudacrisOh
83%
Basic Instinct20 Weeks#42Ciara ft. LudacrisRide
67%
Wanted21 Weeks#3Bow Wow ft. CiaraLike You
67%
Fantasy Ride15 Weeks#66Ciara ft. Young JeezyNever Ever
67%
Beauty Marks6 Weeks#59CiaraLevel Up
67%
Fantasy Ride12 Weeks#10Ciara ft. Justin TimberlakeLove Sex Magic
67%
Ciara5 Weeks#44Ciara ft. Nicki MinajI'm Out
67%
Jackie14 Weeks#43CiaraI Bet
67%
Goodies1 Week#96CiaraAnd I
50%
Ciara20 Weeks#22CiaraBody Party
50%
Ciara: The Evolution13 Weeks#40Ciara ft. 50 CentCan't Leave 'Em Alone
50%
Light Poles and Pine Trees21 Weeks#10Field Mob ft. CiaraSo What
50%
Ciara: The Evolution20 Weeks#7Ciara ft. ChamillionaireGet Up
50%
The Cookbook28 Weeks#3Missy Elliott ft. Ciara & Fat Man ScoopLose Control
50%
Ciara: The Evolution20 Weeks#19CiaraLike a Boy
33%
Ciara: The Evolution20 Weeks#11CiaraPromise
33%
Fantasy Ride1 Week#78Ciara ft. T-PainGo Girl
33%
Jackie1 Week#100CiaraDance Like We're Making Love
33%
Brass Knuckles1 Week#90Nelly ft. Ciara & JDStepped On My J'z
0%

Score Distribution

Percentile by Number Answered

Percent of People with Each Score

Your Score History

You have not taken this quiz